Rodzaje chmur - Statystyki

Ogólne statystyki
  • Ten quiz został rozwiązany 713 razy
  • Średni wynik to 5 z 10
Statystyki odpowiedzi
Hint Odpowiedź % Poprawnych
8 Cumulus
88%
7 Stratus
75%
1 Cirrus
73%
10 Cumulonimbus
67%
3 Cirrostratus
48%
9 Nimbostratus
45%
6 Stratocumulus
39%
2 Cirrocumulus
38%
5 Altostratus
34%
4 Altocumulus
30%
Nie znaleziono quizów pasujących do podanych kryteriów
Rozkład punktacji
Procent ludzi z każdym wynikiem
Percentyl według liczby udzielonych odpowiedzi
Twoja historia wyników
Nie rozwiązałeś tego quizu